<?xml version="1.0" encoding="UTF-8"?>
<collection xmlns:xsi="http://www.w3.org/2001/XMLSchema-instance" xsi:schemaLocation="http://www.loc.gov/MARC21/slim http://www.loc.gov/standards/marcxml/schema/MARC21slim.xsd" xmlns="http://www.loc.gov/MARC21/slim">
 <record>
  <leader>00000cam a22000004i 4500</leader>
  <controlfield tag="001">UP-1685594773861387603</controlfield>
  <controlfield tag="003">Buklod</controlfield>
  <controlfield tag="005">20070906151824.0</controlfield>
  <controlfield tag="006">i|||||||||||||| | </controlfield>
  <controlfield tag="007">ta</controlfield>
  <controlfield tag="008">160412s2004    dcu     rb   |||1 u|eng d</controlfield>
  <datafield tag="020" ind1=" " ind2=" ">
   <subfield code="a">1591471184 (alk. paper)</subfield>
  </datafield>
  <datafield tag="035" ind1=" " ind2=" ">
   <subfield code="a">(iLib)UPBAG-00000022726</subfield>
  </datafield>
  <datafield tag="037" ind1=" " ind2=" ">
   <subfield code="a">BC-50930</subfield>
   <subfield code="c">Php2,899.00</subfield>
  </datafield>
  <datafield tag="040" ind1=" " ind2=" ">
   <subfield code="a">DLC</subfield>
   <subfield code="d">BAG</subfield>
   <subfield code="e">rda</subfield>
  </datafield>
  <datafield tag="041" ind1="0" ind2=" ">
   <subfield code="a">eng</subfield>
  </datafield>
  <datafield tag="090" ind1=" " ind2="0">
   <subfield code="a">BF 39</subfield>
   <subfield code="b">K55</subfield>
  </datafield>
  <datafield tag="100" ind1="1" ind2=" ">
   <subfield code="a">Kline, Rex B.</subfield>
   <subfield code="e">author.</subfield>
  </datafield>
  <datafield tag="245" ind1="1" ind2="0">
   <subfield code="a">Beyond significance testing</subfield>
   <subfield code="b">reforming data analysis methods in behavioral research</subfield>
   <subfield code="c">Rex B. Kline.</subfield>
  </datafield>
  <datafield tag="264" ind1=" " ind2="1">
   <subfield code="a">Washington, D.C.</subfield>
   <subfield code="b">American Psychological Association</subfield>
   <subfield code="c">2004.</subfield>
  </datafield>
  <datafield tag="300" ind1=" " ind2=" ">
   <subfield code="a">xii, 325 pages</subfield>
   <subfield code="c">27 cm</subfield>
  </datafield>
  <datafield tag="490" ind1="0" ind2=" ">
   <subfield code="a">Methodology in the social sciences</subfield>
  </datafield>
  <datafield tag="504" ind1=" " ind2=" ">
   <subfield code="a">Includes bibliographical references (pages 295-311) and index.</subfield>
  </datafield>
  <datafield tag="505" ind1="0" ind2=" ">
   <subfield code="a">Introductory concepts -- Changing times -- Fundamental concepts -- What's wrong with statistical tests and where we go from here -- Effect size estimation in comparative studies -- Parametric effect size indexes -- Nonparametric effect size indexes -- Effect size estimation in one-way designs -- Effect size estimation in multifactor designs -- Other alternatives to statistical tests -- Replication and meta-analysis -- Resampling and Bayesian estimation.</subfield>
  </datafield>
  <datafield tag="520" ind1=" " ind2=" ">
   <subfield code="a">Practices of data analysis in psychology and related disciplines are changing. This is evident in the longstanding controversy about statistical tests in the behavioral sciences and the increasing number of journals requiring effect size information. This book offers integrative and clear presentations about the limitations of statistical tests and reviews alternative methods of data analysis, such as effect size estimation (at both the group and case levels) and interval estimation (i.e., confidence intervals). Written in a clear and accessible style, it is intended for applied researchers and students who may not have strong quantitative backgrounds. Readers will learn how to measure effect size on continuous or dichotomous outcomes in comparative studies with independent or dependent samples. They will also learn how to calculate and correctly interpret confidence intervals for effect sizes. Numerous research examples from a wide range of areas illustrate the application of these principles and how to estimate substantive significance instead of just statistical significance. Additional alternatives to statistical tests are also described, including meta-analysis, resampling techniques like bootstrapping, and Bayesian estimation.</subfield>
  </datafield>
  <datafield tag="650" ind1=" " ind2="0">
   <subfield code="a">Psychometrics</subfield>
   <subfield code="x">Textbooks.</subfield>
  </datafield>
  <datafield tag="905" ind1=" " ind2=" ">
   <subfield code="a">FO</subfield>
  </datafield>
  <datafield tag="852" ind1="0" ind2=" ">
   <subfield code="a">UPBAG</subfield>
   <subfield code="b">UPBAG-MAIN</subfield>
   <subfield code="h">BF 39 K55</subfield>
  </datafield>
  <datafield tag="942" ind1=" " ind2=" ">
   <subfield code="a">Book</subfield>
  </datafield>
 </record>
</collection>
